000 00491nam a2200181Ia 4500
005 20250317123517.0
008 008 250317s9999 xx 000 0 eng d
037 _aTextbook
040 _aFMSL
_beng
_cFMSL
041 _aeng
_2eng
084 _aBobX L1
_qFMSL
100 _aMorley R
_9735427
245 0 _aMathematics for modern economics
260 _aLondon
_bLondon, Fountion
_c1971
300 _a192p
942 _cTB
_hBobX L1
999 _c1251560
_d1251560